Aspectos sustanciales de la extinción del dominio de bienes / (Registro nro. 29235)

Detalles MARC
000 -LEADER
fixed length control field 01410nam a2200265Ia 4500
003 - CONTROL NUMBER IDENTIFIER
control field CO-CtgCURN
005 - DATE AND TIME OF LATEST TRANSACTION
control field 20250408232243.0
008 - FIXED-LENGTH DATA ELEMENTS--GENERAL INFORMATION
fixed length control field 190723s2004 xx 000 0 und d
020 ## - INTERNATIONAL STANDARD BOOK NUMBER
International Standard Book Number 9586906590
040 ## - CATALOGING SOURCE
Original cataloging agency CO-CtgCURN
Language of cataloging spa
Transcribing agency coctgcurn
082 ## - DEWEY DECIMAL CLASSIFICATION NUMBER
Classification number 346.043
Item number B562a
100 ## - MAIN ENTRY--PERSONAL NAME
Personal name Betancur Echeverri, Jorge Humberto
Relator term autor
9 (RLIN) 8930
245 #0 - TITLE STATEMENT
Title Aspectos sustanciales de la extinción del dominio de bienes /
Statement of responsibility, etc. Jorge Humberto Betancur Echeverri
260 ## - PUBLICATION, DISTRIBUTION, ETC.
Place of publication, distribution, etc. Bogotá, Colombia :
Name of publisher, distributor, etc. Leyer,
Date of publication, distribution, etc. 2004
300 ## - PHYSICAL DESCRIPTION
Extent 144 páginas ;
Dimensions 22 centímetros.
500 ## - GENERAL NOTE
General note Incluye introducción e índice
504 ## - BIBLIOGRAPHY, ETC. NOTE
Bibliography, etc. note Incluye referencias bibliográficas (p. [143] - 144)
505 ## - FORMATTED CONTENTS NOTE
Formatted contents note 1. Génesis constitucional y legal -- 2. Concepto de extinción de dominio -- 3. Los bienes comprometidos -- 4. De la naturaleza de la acción -- 5. Principios fundamentales que asisten la ley de extinción de dominio -- 6. Causales de extinción -- 7. El indulto y la amnistía -- 8. Diferencias entre la declaración de extinción del domino y el comiso penal -- 9. La autonomía del proceso de extinción del dominio de bienes.
521 ## - TARGET AUDIENCE NOTE
Target audience note AREA PROFESIONAL
590 ## - LOCAL NOTE (RLIN)
Local note Programa de Derecho_18
650 ## - SUBJECT ADDED ENTRY--TOPICAL TERM
Topical term or geographic name entry element Extinción de dominio
9 (RLIN) 8931
Geographic subdivision Colombia
650 ## - SUBJECT ADDED ENTRY--TOPICAL TERM
Topical term or geographic name entry element Propiedad
Geographic subdivision Colombia
9 (RLIN) 8932
942 ## - ADDED ENTRY ELEMENTS (KOHA)
Koha item type Libros
Classification part 346.043
Item part B562a
Source of classification or shelving scheme Dewey Decimal Classification
Suppress in OPAC No
Existencias
Withdrawn status Lost status Damaged status Not for loan Collection Home library Current library Shelving location Date acquired Inventory number Total checkouts Full call number Barcode Date last seen Copy number Price effective from Koha item type
          Miguel Henríquez Castañeda Barranquilla Miguel Henríquez Castañeda Barranquilla General 05/23/2018 01870   346.043 B562a 01870 07/23/2019 ej.1 07/23/2019 Libros